000 00980njm a22002657a 4500
005 20100913100347.0
007 sd ammalaaahaa
008 100913t xxu||||| |||| 00| 0 hin d
028 _a3AEX. 5021
_bODEON
035 _aGR-03749
040 _aSED/VEN
100 _919606
245 _aQawalis from the films Part 1 & 2 /
_h[sound recording] :
246 _aक़वालिस फ्रॉम द फिल्म्स
260 _aDum Dum, India
_bODEON
_c1962
300 _a1 sound disc [Gramophone record] :
_banalog, 33.1/3 rpm
_c12 in. (LP)
_fGramophone record
500 _aBrief record.
500 _aODEON
500 _aBlack
505 _aSharma ke yeh kyun Part. 1 (Chaudhvin ka chand) (Asha Bhosle), Part. 2 Teri mehfil men (Mughal-E-Azam) (Lata Mangeshkar)
650 _xExcerpts
_zIndia
_919607
_aQawalis from the films
700 _920331
942 _2ddc
_cGR
999 _c47444
_d47444